| 000 | 00396nam a22001577a 4500 | ||
|---|---|---|---|
| 003 | SGT | ||
| 020 | _a978-93-392-0436-5 | ||
| 082 |
_a530.81 _bALC |
||
| 100 | _aALCIATORE,DAVID.G | ||
| 245 | _aINTRODUCTION TO MECHATRONICS AND MEASUREMENT SYSTEMS. | ||
| 250 | _a4TH | ||
| 260 |
_aNEW DELHI _bMC-GRAW HILL EDUCATION _c2014 |
||
| 300 | _a583 | ||
| 650 | _aMECHANICAL ENGINEERING | ||
| 942 |
_2ddc _cBK |
||
| 999 |
_c14655 _d14655 |
||